Canciones de La Joia- Bad Gyal - Estadísticas

Estadísticas generales
  • Esta prueba ha sido intentada 37 veces
  • La puntuación promedio es 11 de 15
Estadísticas de respuestas
Canciones % Correcto
Chulo pt.2
87%
La Que No Se Mueva
83%
Otra Vez Más
83%
Perdió Este Culo
83%
Bad Boy
80%
Intro
80%
Skit
80%
Bota Niña
77%
Pop Pop
77%
Así Soy
73%
Real G
73%
Mi Lova
70%
Sin Carné
70%
Sexy
67%
Give Me
63%
No se encontraron pruebas coincidentes
Distribución de puntuación
Porcentaje de gente con cada puntuación
Porcentaje por número respondido
Historial de tus puntuaciones
No has intentado esta prueba.